Labosi 2001 - 2002 : Laboratoire science de la vie
Đã lưu trong:
| 企業作者: | |
|---|---|
| 格式: | 圖書 |
| 語言: | Undetermined |
| 出版: |
France
Fisher Scientific Labosi
2002
|
| 主題: | |
| 標簽: |
添加標簽
沒有標簽, 成為第一個標記此記錄!
|
| Thư viện lưu trữ: | Trung tâm Học liệu Trường Đại học Cần Thơ |
|---|
| LEADER | 00529nam a2200193Ia 4500 | ||
|---|---|---|---|
| 001 | CTU_160599 | ||
| 008 | 210402s9999 xx 000 0 und d | ||
| 082 | |a 542.1 | ||
| 082 | |b F536 | ||
| 110 | |a Fisher Scientific Labosi | ||
| 245 | 0 | |a Labosi 2001 - 2002 : | |
| 245 | 0 | |b Laboratoire science de la vie | |
| 245 | 0 | |c Fisher Scientific Labosi | |
| 260 | |a France | ||
| 260 | |b Fisher Scientific Labosi | ||
| 260 | |c 2002 | ||
| 650 | |a Laboratories | ||
| 904 | |i Giang | ||
| 980 | |a Trung tâm Học liệu Trường Đại học Cần Thơ | ||